000 01063nam a22003137a 4500
003 CHAP
005 20220817042353.0
008 971013s1992 r 00010 d
010 _a42531
011 _a43503
035 _a47639
040 _cCHAP
082 _a634.90913
_bB5
100 0 0 _aBlockhus, Jill M.
_913193
245 _aConserving biological diversity in managed tropical forests
260 _aGland , Switzerland :
_bInternational Union for Conservation of Nature and Natural Resources,
_c1992
300 _a244 p.
590 _aBATCH-UPD
_b10
_c20130110
_lUCH01
_h0038
590 _aBATCH-UPD
_b10
_c20130110
_lUCH01
_h1653
590 _aBATCH-UPD
_b10
_c20130410
_lUCH01
_h1041
590 _aBATCH-UPD
_b10
_c20130914
_lUCH01
_h0628
590 _aCONVERSION
_b10
_c20130109
_lUCH01
_h1323
650 1 4 _aBiodiversidad.
_912724
650 1 4 _aBosques
_xTrópicos.
_914401
650 1 4 _aRecursos naturales
_xConservación.
901 _aBK
942 _cLIBRO
949 _a634.90913 B5
_bBC
_cLIBRO
_d33724000004156
_eLIBRO
_gI.174690
_h89025
_i47639
_si
_t103.98
999 _c42531
_d42531